000 02341nam0a2200421 4500
001 RU\NLR\BIBL_A\012879676
005 20230529143602.0
010 _a978-5-906218-47-6
_9300
021 _aRU
_bАЛ-П-22-00499и
_9АЛ-П-22-0099
035 _a(NLR Aleph) 012879676
035 _a(RuMoRGB)011114250
090 _a12515382
_c12515382
100 _a20220901d2022 u y0rusy50 ca
101 1 _arus
_aeng
102 _aRU
105 _aa|||g|||000zy
181 0 _ai2
_baxxe
181 0 _aib
_bxb2e
182 0 _an
200 1 _aПочтовые марки России
_dPostage stamps of Russia
_iПамятники истории и культуры
_dHistorical abd cultural monements
_e[альбом
_fредактор: Е. Чемберева]
_zeng
203 _aТекст
_aИзображение
_bвизуальные
_cнепосредственные
210 _aМосква
_cМарка
_d2022
215 _a59, [3] с.
_cил., цв. ил., портр.
_d29
300 _aЗагл. корешка: Памятники истории и культуры
300 _aТекст парал. на рус. и англ. яз.
330 _aАльбом отражает почтовые марки России, посвященные памятникам истории и культуры. В перечень выпускаемой продукции также входят открытки, филателистические наборы, буклеты, а также большой ассортимент сувениров - значки, жетоны, магниты, календари
606 1 _aАрхитектурные памятники
_yРоссия
_xИзображение на почтовых марках
_2nlr_sh2
_3RU\NLR\AUTH\6601716978
675 _a656.835.81(470)
_v4
686 1 _aЩ153(2Р=Рус)7-3
686 1 _aЩ153(2Р=Рус)7-488
702 1 _aЧемберева
_bЕ.
_4340
856 4 _lVNP_SKP
_tVIEW
_uhttps://webservices.nlr.ru/viewer/file?name=a012879676_002.txt
_yАннотация
856 4 1 _lVNP_SKP
_tVIEW
_uhttps://webservices.nlr.ru/viewer/file?name=t012879676_001.jpeg
_yОбложка
942 _cBOOK
980 4 _aVNP_SKP
980 _aNB